000 00745nas a2200253 4500
001 BR9203106
003 BR-BrBNA
005 20231205092611.0
007 ta
008 230509b bl.|||p| |||| 00| 00por d
040 _aBR-BrBNA
_bpor
_cBiblioteca Nacional de Agricultura
041 _a(Pt)
072 _aQ04
100 1 _aLourdes, M. de
245 1 _aCondimentos: o que falta para exportar
650 _aCONDIMENTO
650 _aCOMPOSICAO DE ALIMENTO
650 _aCONTROLE DE QUALIDADE
650 _aPROPRIEDADE ORGANOLEPTICA
650 _aMERCADO INTERNACIONAL
773 0 _tManchete Rural (Brazil)
_xISSN 0102-8901
_g(Dec 1989), v. 3(33) p. 25-26
_wBR9203106
909 _a202311
_bLúcia
_c55
_dLúcia Elande
942 _2AGRIS
_n0
_cANA
999 _c132786
_d132786